000 00721nam a2200229Ia 4500
003 OSt
005 20220923212536.0
006 a|||||r|||| 00| 0
007 ta
008 220922b |||||||| |||| 00| 0 hin d
024 _a153,906
037 _cTextual
040 _aARTS
_cARTS
_bhin
041 _2hin
_ahin
082 _aO152v2:N5, J4(TPH)
100 _aचौहान, शिवदानसिंह
_9156365
245 0 _aहिन्दी साहित्य के अस्सी वर्ष
246 _aHindī sāhitya ke assī varṣha
260 _c1954
942 _hO152v2:N5, J4(TPH)
_cTEXL
_2CC
999 _c309534
_d309534